Top 15 New Orleans Pelicans players of all-time - Statistics

General Stats
  • This quiz has been taken 13 times
  • The average score is 10 of 15
Answer Stats
Pos/Placement Answer % Correct
PF #2 Anthony Davis
100%
PG #3 Baron Davis
100%
SF #9 Brandon Ingram
100%
PG #1 Chris Paul
100%
PF #5 Zion Williamson
100%
PG #7 Jrue Holiday
83%
C #6 DeMarcus Cousins
75%
PF #4 David West
67%
PG #11 Lonzo Ball
58%
SF #14 Peja Stojakovic
42%
C #10 Emeka Okafor
33%
SG #13 Eric Gordon
33%
SF #15 Ryan Anderson
33%
SG #12 JR Smith
25%
C #8 Tyson Chandler
25%
No matching quizzes found
Score Distribution
Percent of People with Each Score
Percentile by Number Answered
Your Score History
You have not taken this quiz